000 00545nam a2200205Ia 4500
005 20250508162509.0
008 008 250505s9999 xx 000 0 eng d
020 _a0-205-08092-8
037 _aTextual
040 _aFEDL
_beng
_cFEDL
041 _aeng
_2eng
084 _a371.1, GRA
_qFEDL
100 _aGrant Carl A
245 0 _aPreparing for reflective teaching
260 _aBoston, USA
_bAllyn and Bacon
_c1984
300 _ax,300p
650 _aTeaching
942 _cTEXL
_h371.1, GRA
999 _c1376919
_d1376919